• 首页
  • 本馆介绍
  • 公告通知
  • 最新文献
  • 馆藏检索
  • 电子资源
  • 读者导购
  • 参考咨询
  • 我的图书馆
  • 登录
  • 详细信息显示
  • 放入我的书架
  • 预约/预借图书
  • 作者相关作品
  • 分类相关作品
  • 丛书相关作品
  • 出版社相关作品

书目信息

  • 表格格式
  • 工作单格式
  • 卡片格式
题名:
许衡集
    
 
作者: 许衡 撰 ;许红霞 点校
分册: 下  
出版信息: 北京   中华书局  2019
页数: 2册(11,670页)
开本: 21cm
丛书名: 理学丛书
单 册:
中图分类: I214.72
科图分类:
主题词: 中国文学--zhong guo wen xue--古典文学--元代--选集
电子资源:
ISBN: 978-7-101-13691-3
000 01148oam2 2200265 450
001 2131055391
005 20211031090150.55
010    @a978-7-101-13691-3@dCNY39.00(全2册78.00)
100    @a20190610d2019 em y0chiy0120 ea
101 0  @achi
102    @aCN@b110000
105    @ay z 000zy
106    @ar
200 1  @a许衡集@Axu heng ji@h下@f(元)许衡撰@g许红霞点校
210    @a北京@c中华书局@d2019
215    @a2册(11,670页)@d21cm
225 2  @a理学丛书@Ali xue cong shu
330    @a《许衡集》是对元初理学家许衡文集的一次全面整理。全集十四卷(卷首一卷,正文十二卷,卷末两卷),包括诗词、奏疏、书状、语录、经义、授时历经、杂著等,深刻反映了许衡在政治、哲学、教育等方面的思想。此次整理,以乾隆五十五年刊《许文正公遗书》为底本,校以该书中所收的诸多的许衡作品单行本,另从历代流传之许衡著作的不同版本及其它各类文献中辑出底本所无的许衡诗文及相关资料若干,作为补遗,单独编为一卷。
461  0 @12001 @a理学丛书
606 0  @a中国文学@Azhong guo wen xue@x古典文学@z元代@j选集
690    @aI214.72@v5
701  0 @c(元)@a许衡@Axu heng@4撰
702  0 @a许红霞@Axu hong xia@4点校
801  0 @aCN@b百万庄@c20211029
905    @b1313471-74@dI214.72@e1119:2@f4
    
    许衡集.下/(元)许衡撰/许红霞点校.-北京:中华书局,2019
    2册(11,670页);21cm.-(理学丛书)
    
    
    ISBN 978-7-101-13691-3:CNY39.00(全2册78.00)
    《许衡集》是对元初理学家许衡文集的一次全面整理。全集十四卷(卷首一卷,正文十二卷,卷末两卷),包括诗词、奏疏、书状、语录、经义、授时历经、杂著等,深刻反映了许衡在政治、哲学、教育等方面的思想。此次整理,以乾隆五十五年刊《许文正公遗书》为底本,校以该书中所收的诸多的许衡作品单行本,另从历代流传之许衡著作的不同版本及其它各类文献中辑出底本所无的许衡诗文及相关资料若干,作为补遗,单独编为一卷。
●
相关链接 在E读中查询图书 在五车中查询图书 在当当中查询图书 在豆瓣中查询图书


正题名:许衡集     索取号:I214.72/1119:2         预约/预借

序号 登录号 条形码 馆藏地/架位号 状态 备注
1 1313471   213134712   第一样本阅览室/ [索取号:I214.72/1119:2] 在馆    
2 1313472   213134721   第二借阅区/ [索取号:I214.72/1119:2] 在馆    
3 1313473   213134730   第二借阅区/ [索取号:I214.72/1119:2] 在馆    
4 1313474   213134749   第二借阅区/ [索取号:I214.72/1119:2] 在馆    
唐山师范学院图书馆 欢迎您!
大连网信软件有限公司© 版权所有